Физико-химические методы анализа: монография

Opis bibliograficzny
1. autor: Борисов А. Г. Александр Григорьевич
Korporacja: Московский государственный институт электронной техники (Технический университет) (МИЭТ)
Kolejni autorzy: Никитина Н. Г. Нина Георгиевна, Хаханин С. Ю. Сергей Юрьевич
Streszczenie:Изложены теоретические основы физико-химических методов анализа. Рассмотрены методы анализа: спектральные (атомноэмиссионный, люминесцентный, атомно-абсорбционный), электрохимические (потенциометрия, вольтамперометрия и др.). Указаны возможности методов анализа для контроля качества новых материалов (полупроводников, диэлектриков, материалов нанотехнологий, т.е. материалов высокой чистоты), а также для решения задач экологического мониторинга окружающей среды. Может быть рекомендована студентам и аспирантам, занимающимся анализом новейших материалов электронной техники и нанотехнологий, а также может быть использована для самостоятельного повышения квалификации всеми исследователями, так или иначе связанными с анализом.
Język:rosyjski
Wydane: Москва, Изд-во МИЭТ, 2010
Hasła przedmiotowe:
Format: Książka
KOHA link:https://koha.lib.tpu.ru/cgi-bin/koha/opac-detail.pl?biblionumber=203458

MARC

LEADER 00000nam0a2200000 4500
001 203458
005 20231101225141.0
010 |a 9785725605907 
035 |a (RuTPU)RU\TPU\book\221718 
090 |a 203458 
100 |a 20111108d2010 k y0rusy50 ca 
101 0 |a rus 
102 |a RU 
105 |a a a 001zy 
200 1 |a Физико-химические методы анализа  |e монография  |f А. Г. Борисов, Н. Г. Никитина, С. Ю. Хаханин  |g Московский государственный институт электронной техники (Технический университет) (МИЭТ) 
210 |a Москва  |c Изд-во МИЭТ  |d 2010 
215 |a 200 с.  |c ил. 
320 |a Библиогр.: с. 195-196. 
330 |a Изложены теоретические основы физико-химических методов анализа. Рассмотрены методы анализа: спектральные (атомноэмиссионный, люминесцентный, атомно-абсорбционный), электрохимические (потенциометрия, вольтамперометрия и др.). Указаны возможности методов анализа для контроля качества новых материалов (полупроводников, диэлектриков, материалов нанотехнологий, т.е. материалов высокой чистоты), а также для решения задач экологического мониторинга окружающей среды. Может быть рекомендована студентам и аспирантам, занимающимся анализом новейших материалов электронной техники и нанотехнологий, а также может быть использована для самостоятельного повышения квалификации всеми исследователями, так или иначе связанными с анализом. 
606 1 |a Физико-химический анализ  |2 stltpush  |3 (RuTPU)RU\TPU\subj\68857  |9 83965 
610 1 |a физико-химические методы 
610 1 |a природные объекты 
610 1 |a оптические методы 
610 1 |a электрохимические методы 
610 1 |a свет 
610 1 |a излучение 
610 1 |a поглощение 
610 1 |a спектроскопия 
610 1 |a рефрактометрия 
610 1 |a потенциометры 
610 1 |a вольтамперометрические методы 
610 1 |a кулонометрия 
610 1 |a кондуктометрия 
610 1 |a электрогравиметрия 
675 |a 543.4/.5  |v 3 
700 1 |a Борисов  |b А. Г.  |g Александр Григорьевич 
701 1 |a Никитина  |b Н. Г.  |g Нина Георгиевна 
701 1 |a Хаханин  |b С. Ю.  |g Сергей Юрьевич 
712 0 2 |a Московский государственный институт электронной техники (Технический университет) (МИЭТ)  |2 stltpush  |3 (RuTPU)RU\TPU\col\2285 
801 1 |a RU  |b 63413507  |c 20111108 
801 2 |a RU  |b 63413507  |c 20130913  |g RCR 
900 |a Физико-химические методы анализа 
942 |c BK